000
00328nam a22001217a 4500
020
_q
P/B
082
_a
659.2
_b
DOI
100
_a
IFC
245
_a
Doing Better Business Through Effective Public Consultation and Disclosure /
_c
IFC
300
_a
74 p.
942
_2
ddc
_c
BK
999
_c
529596
_d
529596